000
00269nam a2200109Ia 4500
008
200302s9999 xx 000 0 und d
100
_a
Tyler G.Hicks
245
_a
Building Systems Reference Guide(Usd 43)
260
_b
The McGraw-Hill,NY
260
_c
1987
300
_a
137
999
_c
4599
_d
4599